Statistiques concernant Nommez les habitants de ces pays #1

Cliquez ici pour prendre le quiz!

Statistiques générales

  • Ce quiz a été pris 408 fois
  • Le résultat moyen est 12 sur 16

Statistiques - réponses

PaysRéponse% Correct
Etats-UnisAméricain
98%
BrésilBrésilien
98%
MongolieMongol
97%
CroatieCroate
95%
FinlandeFinlandais
93%
PérouPéruvien
93%
NigeriaNigérian
77%
KazakhstanKazakh
76%
UruguayUruguayen
73%
ChypreChypriote
69%
SingapourSingapourien
67%
YémenYéménite
66%
Royaume-UniBritannique
65%
KosovoKosovar
60%
GuatemalaGuatemaltèque
55%
LaosLaotien
51%

Distribution des résultats

Percentile par nombre de réponses

% des personnes avec chaque résultat

Votre développement - résultats

Vous n’avez pas pris ce quiz